[Event "HokkaidoCh2019"]
[Site "?"]
[Date "2019.03.24"]
[Round "5.5"]
[White "Kikuchi, Akira"]
[Black "Sato, Yasuji"]
[Result "1-0"]
[WhiteElo "1718"]
[BlackElo "1478"]
[Annotator "Fritz 15 (30s)"]
[PlyCount "53"]
[SourceVersionDate "2019.03.23"]

{[%mdl 8192] D02: 1 d4 d5 2 Nf3 sidelines, including 2...Nf6 3 g3 and 2...Nf6
3 Bf4} 1. d4 d5 2. Nf3 Nc6 3. Bf4 Nf6 4. e3 Bg4 5. Nbd2 (5. Be2 e6 6. Nbd2 Bd6
7. Bxd6 cxd6 8. h3 Bh5 9. O-O O-O 10. c3 Rc8 11. Re1 Ne4 12. Nxe4 dxe4 13. Nd2
Bxe2 14. Qxe2 f5 15. f3 d5 16. fxe4 fxe4 17. Rf1 Qg5 18. Rxf8+ Rxf8 19. Rf1 Ne7
{Manakov,I (2345)-Starostits,I (2468) Schwaebisch Gmuend 2013 1/2-1/2}) 5... h6
$146 {Prevents intrusion on g5} (5... a6 6. h3 Bh5 7. Be2 e6 8. O-O Bd6 9. Ne5
Bxe2 10. Qxe2 Ne7 11. c4 c6 12. c5 Bc7 13. b4 Nd7 14. Nxd7 Qxd7 15. a4 O-O 16.
Nf3 f6 17. b5 Ng6 18. Bxc7 Qxc7 19. bxc6 bxc6 20. Rab1 {Dienavorian Lacherian,
M (2275)-Bademian Orchanian,J (2235) Uruguay 1983 0-1 (50)}) (5... e6 6. c3 Bd6
(6... a6 7. Qa4 Bd6 8. Bd3 O-O 9. Ne5 Bxe5 10. Bxe5 Nd7 11. Bg3 Bh5 12. O-O f5
13. c4 Nb6 14. Qc2 g5 15. Be5 Nb4 16. Qc3 Nxd3 17. Qxd3 f4 18. exf4 gxf4 19.
Qh3 Rf5 20. c5 Nd7 21. Bxf4 {Todorovic,B (2289)-Tasic,Z (2156) Pozarevac 2012
1-0 (46)}) 7. Qb3 Rb8 8. a4 O-O 9. Bd3 Re8 10. Bg5 h6 11. Bh4 g5 12. Bg3 Bxf3
13. Nxf3 e5 14. Bb5 exd4 15. Nxd4 Nxd4 16. cxd4 c6 17. Bxd6 Qxd6 18. Be2 Re7
19. O-O Ne4 20. Rad1 {Vlasov,I (2240)-Starkov,S (2207) Kemerovo 2014 1/2-1/2 
(45)}) 6. Be2 Nh5 7. Bg3 (7. Be5 e6 $14) 7... Nxg3 $11 8. hxg3 e6 9. c3 {
Secures b4} Bd6 10. Qc2 Bf5 11. Bd3 Bxd3 12. Qxd3 Qd7 13. O-O-O a5 14. e4 dxe4
{Black forks: d3+f3} 15. Nxe4 a4 (15... Be7 16. g4 $11) 16. Nxd6+ (16. d5 exd5
17. Qxd5 O-O-O $16) 16... cxd6 (16... Qxd6 $142 $5 {is an interesting
alternative} 17. d5 O-O-O $11) 17. d5 $16 a3 $4 {leads to further
unpleasantness} (17... exd5 $142 18. Rhe1+ Kd8 19. Qxd5 Kc7 $16) 18. dxc6 $18
axb2+ 19. Kxb2 Qxc6 20. Qxd6 Qb5+ 21. Qb4 Qa6 (21... Qxb4+ {cannot change what
is in store for ?} 22. cxb4 Ke7 23. Kb3 $18) 22. a3 f6 (22... Rc8 {what else?}
23. Rh4 b6 $18) 23. Rd6 Qe2+ 24. Rd2 Qa6 25. Rhd1 Kf7 (25... Qc6 {desperation}
26. Rd6 Qc8 $18) 26. Rd7+ Kg6 (26... Kg8 {doesn't get the cat off the tree} 27.
Rxg7+ $1 {Mate attack} Kxg7 28. Rd7+ Kg8 29. Qg4+ Kf8 30. Qg7+ Ke8 31. Qf7#)
27. Qg4+ (27. Qg4+ Kh7 28. Qxg7#) 1-0

[Event "HokkaidoCh2019"]
[Site "?"]
[Date "2019.03.24"]
[Round "5.6"]
[White "Koyahata, Taku"]
[Black "Takeuchi, Hiroshi"]
[Result "0-1"]
[WhiteElo "1401"]
[BlackElo "1276"]
[Annotator "Fritz 15 (30s)"]
[PlyCount "66"]
[SourceVersionDate "2019.03.23"]

{[%mdl 8256] E51: Nimzo-Indian: Rubinstein: 4...0-0 5 Nf3 d5} 1. d4 d5 2. c4 e6
3. Nc3 Nf6 4. e3 Bb4 5. Bd2 O-O 6. Nf3 b6 7. a3 Be7 (7... Bxc3 8. Bxc3 Ba6 9.
Nd2 c5 10. dxc5 bxc5 11. Qf3 Nbd7 12. cxd5 Bb7 13. Qg3 exd5 14. Bb5 d4 15. exd4
Re8+ 16. Kf1 Nh5 17. Qd6 Qg5 18. d5 Nf4 19. g3 Nxd5 20. Bxd7 Rad8 21. h4 Qe7
22. Qxe7 {Kharlov,A (2627)-Milov,V (2626) Saint Vincent 2000 1-0 (42)}) 8. Be2
(8. Bd3 Bb7 9. O-O c5 10. cxd5 exd5 11. Qb1 Nbd7 12. Rd1 Re8 13. b4 c4 14. Bc2
Bd6 15. Be1 a6 16. Nd2 Rc8 17. Nf1 Nf8 18. f3 Ne6 19. Bh4 h6 20. Ra2 Rc7 21.
Qc1 g5 22. Bg3 Ng7 {Bykhovsky,A (2411)-Movsesian,S (2655) Teplice 2015 0-1 (55)
}) 8... c5 $146 (8... Bb7 9. O-O dxc4 (9... Nbd7 10. Rc1 c5 11. Qb3 dxc4 12.
Qxc4 Rc8 13. Rfd1 cxd4 14. Qxd4 Nc5 15. Qxd8 Rfxd8 16. Be1 Nb3 17. Rxd8+ Rxd8
18. Rd1 Rxd1 19. Bxd1 Nc5 {1/2-1/2 (19) Maki Uuro,M (2295)-Seppanen,A (2235)
Helsinki 1997}) 10. Bxc4 c5 11. Qe2 Nbd7 12. Rfd1 Qb8 13. Rac1 a6 14. Ba2 b5
15. Be1 cxd4 16. Nxd4 Nb6 17. h3 g6 {1/2-1/2 (17) Holemar,D (2326)-Lipka,J 
(2426) Austria 2008}) 9. O-O Bb7 10. dxc5 bxc5 11. Qc2 (11. cxd5 exd5 12. Qc2
Nbd7 $11) 11... d4 $15 12. exd4 cxd4 13. Nb5 (13. Na4 Be4 14. Bd3 Bxf3 15. gxf3
Nc6 $15) 13... Be4 {Black threatens to win material: Be4xc2} 14. Qb3 (14. Qa4
Nc6 15. Qa6 d3 $17) 14... Nc6 $17 15. Ng5 (15. Bb4 $5 Bxb4 16. axb4 $17) 15...
a6 $19 16. Nxe4 Nxe4 17. Bf3 $4 {leading to a quick end} (17. Rad1 $142 axb5
18. cxb5 Nxd2 19. Rxd2 $19) 17... Nxd2 18. Qd3 Nxf1 (18... Nxf3+ $142 {and
Black has it in the bag} 19. Qxf3 Ne5 20. Qe4 Nxc4 21. Nxd4 $19) 19. Bxc6 axb5
(19... Rc8 {and Black can already relax} 20. Be4 axb5 21. cxb5 $19) 20. Bxa8 (
20. cxb5 {a fruitless try to alter the course of the game} Nxh2 $1 {a
convincing end} 21. Kxh2 Qd6+ 22. Kg1 Rac8 $19) 20... Qxa8 (20... bxc4 $5 {
might be the shorter path} 21. Qxc4 Nxh2 22. Be4 $19) 21. cxb5 Rd8 (21... Nxh2
{keeps an even firmer grip} 22. Kxh2 Qd5 23. Rc1 $19) 22. Rxf1 (22. Kxf1 Qd5
$19) 22... Qd5 (22... Rd5 {seems even better} 23. b4 Qa4 24. Rc1 Qxb5 25. Qxb5
Rxb5 26. Rc4 $19) 23. Rc1 (23. f4 Rc8 $19) 23... Bd6 (23... e5 {makes it even
easier for Black} 24. Re1 Bd6 25. f3 $19) 24. a4 e5 25. f3 Re8 {[%cal Ye5e4]
Black prepares e4} (25... Qa2 26. b3 $19) 26. Qe4 (26. Rc6 Bb4 $19) 26... Qe6
27. Qc2 $2 (27. f4 $19) 27... Qh6 28. Qc6 Rf8 (28... Rd8 $142 $19 {and Black
can already relax}) 29. a5 (29. g3 Qe3+ 30. Kg2 $19) 29... e4 $1 {Deflection:
c1} 30. fxe4 (30. Qxe4 Qf4 {Decoy Double attack} (30... Bxh2+ {Discovered
attack}) (30... Qxc1+ {Deflection})) (30. fxe4 Bxh2+ {Discovered attack}) 30...
Bxh2+ 31. Kf2 Qe3+ 32. Kf1 d3 33. Re1 Qg1# (33... Qf4#) 0-1

[Event "HokkaidoCh2019"]
[Site "?"]
[Date "2019.03.24"]
[Round "5.7"]
[White "Kobayashi, Katsuhiko"]
[Black "Ito, Katsuhide"]
[Result "1-0"]
[WhiteElo "1564"]
[BlackElo "1303"]
[Annotator "Fritz 15 (30s)"]
[PlyCount "63"]
[SourceVersionDate "2019.03.23"]

{[%mdl 8192] B51: Sicilian: Moscow Variation (3 Bb5+) without 3...Bd7} 1. e4 c5
2. Nf3 Nc6 3. Bb5 d6 4. Bxc6+ bxc6 5. O-O d5 (5... g6 6. Re1 (6. d3 Bg7 7. Nbd2
e5 8. Nc4 Be6 9. c3 Nf6 10. Qa4 Qc7 11. Ng5 O-O 12. f4 Nd7 13. fxe5 Nxe5 14.
Nxe5 Bxe5 15. Nf3 Bg7 16. Be3 Rab8 17. Rf2 Rb5 18. Ng5 Rfb8 19. d4 cxd4 20.
Nxe6 fxe6 {Csolto,T (2154)-Najgebauer,S (2273) Slovakia 2014 0-1}) 6... Bg7 7.
c3 e5 8. d4 cxd4 9. cxd4 exd4 10. Nxd4 Ne7 11. Nc3 Bd7 12. Bf4 Nc8 13. e5 dxe5
14. Bxe5 O-O 15. Bxg7 Kxg7 16. Qf3 Qb6 17. Rad1 Rb8 18. Qf4 Rb7 19. Nb3 Bf5 20.
Rd2 {Nevednichy,V (2495)-Kupreichik,V (2560) Cetinje 1993 1-0 (44)}) 6. d3 Bg4
$146 (6... Nf6 7. Qe2 e6 8. b3 Be7 9. Bb2 O-O 10. Nbd2 Nd7 11. h3 Nb6 12. a4 a5
13. Ne5 Qc7 14. Rae1 f6 15. Ng4 Rf7 16. f4 c4 17. dxc4 dxc4 18. Rf3 Bc5+ 19.
Kh1 Ba6 20. Qd1 Rd8 21. Qc1 {Vatter,H (2345)-Andresen,S (2395) Germany 1995
0-1 (56)}) 7. Be3 {White threatens to win material: Be3xc5} d4 {Black
threatens to win material: d4xe3} (7... e6 8. c4 $14) 8. Bd2 e6 9. h3 Bh5 10.
g4 Bg6 11. Ne5 {White threatens to win material: Ne5xc6} Bd6 12. Nxg6 (12. Nxc6
Qd7 13. Na5 Ne7 $14) 12... hxg6 $11 13. Kg2 g5 {White has a new backward pawn:
h3} 14. Na3 Rb8 {Black threatens to win material: Rb8xb2} 15. Nc4 {A
comfortable square for the white knight} Bf4 (15... f6 16. e5 Bxe5 17. Nxe5
fxe5 18. Qf3 $11) 16. Bxf4 gxf4 {Black has a new doubled pawn: f7} 17. Qd2 f3+
(17... g5 $142 $5 $11 {should not be overlooked}) 18. Kxf3 $16 Qh4 (18... Rxh3+
19. Ke2 $16) 19. Rh1 (19. Qf4 Qf6 20. Qxf6 Nxf6 $18) 19... Ne7 20. Qf4 Kd7 $2 (
20... O-O $142 $16) 21. Ne5+ $18 Kc8 22. Nxf7 $4 {an unfortunate move that
relinquishes the win} (22. Qxf7 $142 {nails it down} Rh6 23. Kg2 $18) 22... Ng6
(22... Rf8 $142 23. Ke2 Ng6 $11) 23. Nd6+ $4 {gives the opponent counterplay} (
23. Qg5 $142 Qxg5 24. Nxg5 Rxb2 25. Nxe6 Rxc2 26. Kg3 $16) 23... Kd7 $17 24.
Qh2 $2 (24. Qg3 Qf6+ 25. Nf5 exf5 26. exf5 Nh4+ 27. Ke2 $19) 24... Rbf8+ (24...
Rxb2 {keeps an even firmer grip} 25. Rac1 Qf6+ 26. Nf5 exf5 27. gxf5 Ne5+ 28.
Kg2 $19) 25. Ke2 $2 (25. Nf5 exf5 26. gxf5 $19) 25... Nf4+ 26. Kd2 Kxd6 27. e5+
(27. f3 $19) 27... Kxe5 28. Rae1+ Kd6 29. Re4 (29. a3 {doesn't get the bull
off the ice} Qxh3 30. Qxh3 Rxh3 $19) 29... e5 30. Rhe1 (30. Qg3 {cannot undo
what has already been done} Qxg3 31. fxg3 Nxh3 $19) 30... Qg5 (30... Qxg4 $142
$1 {makes it even easier for Black} 31. Qg3 Qxg3 32. fxg3 $19) 31. Rxe5 Ng6+ (
31... Rxh3 $142 {and Black takes home the point} 32. Qxh3 Nxh3+ 33. Rxg5 Rxf2+
34. Kd1 Nxg5 $19) 32. Rxg5+ $18 (32. Rxg5+ Nf4 33. h4 Rxh4 34. Qxh4 a5 35. Kc1
c4 36. Rxa5 Ne6 37. Ra7 Rf6 38. Qh5 c5 39. dxc4 g5 40. Qe8 Nf8 41. Qe7+ Kc6 42.
Qc7#) 1-0